000 00947nam a2200265Ia 4500
003 GCL
008 140319s9999 xx 000 0 ara d
020 _a7138223977
040 _aGCL /
_cGCL
082 0 4 _a327.56
_bم س
100 1 _aمركز البحوث والدراسات السياسية
245 1 0 _aالسياسات الخارجية للدول العربية /
_cمركز البحوث والدراسات السياسية
700 1 _aعلى الدين هلال
700 1 _aجابر سعيد عوض
700 1 _aبهجت قرنى (تحرير)
250 _aالثانية
260 _aالقاهرة :
_bمعهد البحوث والدراسات السياسية ،
_c1994
300 _a689 ص ؛
_c24 سم
490 _a
650 0 4 _aالعالم العربى
650 0 4 _aالسياسة الدولية
650 0 4 _aالعلاقات الخارجية
650 0 4 _aالعلوم السياسية
942 _2ddc
_cBK
999 _c29476
_d29476